L'Avare (Record no. 185511)

MARC details
000 -LEADER
campo de control de longitud fija 00866nam a2200241 i 4500
001 - NÚMERO DE CONTROL
campo de control 185511
003 - IDENTIFICADOR DE NÚMERO DE CONTROL
campo de control ES-MaACL
005 - FECHA Y HORA DE LA ÚLTIMA TRANSACCIÓN
campo de control 20250918063044.0
008 - DATOS DE LONGITUD FIJA--INFORMACIÓN GENERAL
campo de control de longitud fija 160615s1971 fr af |||| |dfre d
080 ## - NÚMERO DE LA CLASIFICACIÓN DECIMAL UNIVERSAL
Número de la Clasificación Decimal Universal 821.133.1-22"16"
100 1# - ENTRADA PRINCIPAL--NOMBRE DE PERSONA
Nombre de persona Molière,
Fechas asociadas al nombre 1622-1673
9 (RLIN) 81873
245 12 - MENCIÓN DEL TÍTULO
Título L'Avare
Resto del título : comédie /
Mención de responsabilidad, etc. Molière ; avec une notice biographique, une notice historique et littéraire... par Léon Lejealle.
260 ## - PUBLICACIÓN, DISTRIBUCIÓN, ETC.
Lugar de publicación, distribución, etc. Sorbonne [Paris] :
Nombre del editor, distribuidor, etc. Librairie Larousse,
Fecha de publicación, distribución, etc. [1971]
300 ## - DESCRIPCIÓN FÍSICA
Extensión 141 p., [4] p. de lám. fot. :
Otras características físicas il. ;
Dimensiones 17 cm.
490 1# - MENCIÓN DE SERIE
Mención de serie Nouveaux classiques Larousse
500 ## - NOTA GENERAL
Nota general Cronología.
504 ## - NOTA DE BIBLIOGRAFÍA, ETC.
Nota de bibliografía, etc. Bibliografía: p. [8]
599 ## - NOTA A LAS ILUSTRACIONES
NOTA A LAS ILUSTRACIONES 1 il. col.
700 1# - ENTRADA AGREGADA--NOMBRE PERSONAL
Nombre de persona Lejealle, Léon.
9 (RLIN) 159863
830 0# - PUNTO DE ACCESO ADICIONAL DE SERIE-TÍTULO UNIFORME
Título uniforme Nouveaux classiques Larousse
9 (RLIN) 186641
852 ## - LOCALIZACIÓN
Ubicación ES-MaACL
Número de control de estantería L-30400
Nota libre . - Donat. Carmen Zumárraga
Holdings
Estatus retirado Estado de pérdida Estado de daño No para préstamo Biblioteca de origen Biblioteca actual Ubicación en estantería Fecha de adquisición Fuente de adquisición Total de préstamos Signatura topográfica completa Código de barras Visto por última vez Precio de reemplazo Tipo de ítem Koha
        Biblioteca del Ateneo de Madrid Biblioteca del Ateneo de Madrid Depósito 2 15/06/2016     L-30400 1195458 23/02/2023 23/02/2023 Libro impreso